000 00516nam a2200169Ia 4500
008 220531s9999 xx 000 0 und d
041 _amar
100 _aअहिरराव वा.र. आणि इतर
_945705
245 _aनकाशावाचन व संख्‍याशास्‍त्रीय पध्‍दती
250 _a1ST
260 _bNirali
_c1999
300 _a117
542 _d20-08-2003
650 _aGeography
_945706
906 _d2003-2004
999 _c26960
_d26960